1457 1756 1578 1859 1981 1578 1569 1181 1179 1609 1263 1862 1322 1986 1948 1763 1900 1069 1734 1936 1732 1798 1970 1194 1448 1862 1673 1401 1126 1693 1593 1479 1975 1972 1476 1424 1420 1508 1201 1539 1506 1359 1123 1173 1147 1323 1321 1233 1350 1004 1111 1033 1651 1921 1245 1501 1859 1929 1621 1231 1968 1508 1356 1585 1947 1533 1018 1589 1108 1521 1968 1104 1882 1809 1135 1270 1594 1392 1520 1657 1568 1524 1756 1255 1622 1218 1798 1417 1356 1181 1264 1596 1229 1810 1966 1215 1656 1119 1853 BCNSPRNW ULIB Ver.6.0+V

เปลี่ยนเป็นภาษาไทย

Change to English
 แสดงรายละเอียดบรรณานุกรม
  กลับหน้าหลัก

Brief Record : Get Marc (ISO 2709) : E-mail record : QR code < ปิดหน้าต่าง
LEADER : 00000nam 2200000uu 4500
001    13399109805
003     ULIB
008    110411s2549||||th 000 0 tha d
060 04 WC503^bก525ส 2549
111 2  การสัมมนาระดับชาติเรื่องโรคเอดส์^n(ครั้งที่ 10 :^d2549 :^cกรุงเทพฯ)
245 10 สรุปรายงานการสัมมนาระดับชาติเรื่องโรคเอดส์ ครั้งที่ 10วันที่ 13-15 กรกฎาคม 2549 ณ มหาวิทยาลัยราชภัฏสวนดุสิต และมหาวิทยาลัยราชภัฏสวนสุนันทา /^cโดย สำนักโรคเอดส์ วัณโรคและโรคติดต่อทางเพศสัมพันธ์ กรมควบคุมโรค กระทรวงสาธารณสุข ;คณะบรรณาธิการ, พีระมน นิงสานนท์
246 30 โรคเอดส์
260    นนทบุรี :^bสำนัก,^c2549
300    364 หน้า ;^c30 ซม. +^eซีดี-รอม 1 แผ่น
650  7 กลุ่มอาการภูมิคุ้มกันเสื่อม^vการประชุม
650  7 การติดเชื้อเอชไอวี^vการประชุม
650  7 โรคเอดส์^vการประชุม
650  7 เพศสัมพันธ์
650  7 วัยรุ่น^xพฤติกรรมทางเพศ
700 0  พีระมน นิงสานนท์,^eบรรณาธิการ
710 2  กรมควบคุมโรค. ^bสำนักโรคเอดส์ วัณโรคและโรคติดต่อทางเพศสัมพันธ์
945    ^p0^l0^i019260
945    ^p0^l0^i019261
995    ทศพร
999 ^a ใช้งานได้ทุกระบบ
รายการนี้ยังไม่มีแท็ก
คุณยังไม่ได้ล็อกอิน คุณสามารถมีกิจกรรมร่วมกับเว็บไซต์ได้ แต่ต้องล็อกอินก่อน ::
  ล็อกอิน

รายการสื่อสารสนเทศ

ลำดับที่ ประเภท เลขเรียก/บาร์โค้ด สถานที่ สถานะ
- ไม่พบข้อมูล -

รายการใกล้เคียง
    หัวเรื่อง [เพศสัมพันธ์]

BibComment


ยังไม่เคยถูกคอมเมนท์

คอมเมนท์ทรัพยากรรายการนี้
  คอมเมนท์: สรุปรายงานการสัมม..


 Copyright 2026. Bcnsprnw @Library